KRESKÓWKI - Statystyki

Ogólne statystyki
  • Ten quiz został rozwiązany 445 razy
    164 od ostatniego zresetowania
  • Średni wynik to 8 z 15
Statystyki odpowiedzi
Pytanie Odpowiedz % Poprawnych
Jakim zwierzęciem jest pracodawca Spongeboba? Krab
93%
Tytuł kreskówki o trzech dzielnych dziewczynkach które powstały z przypadku Atomówki
91%
Sławny kreskówkowy podrywacz Johnny Bravo
87%
Na co chodzili/co łapali Spongebob i Patryk? Meduzy
75%
Dzielny pies ratujący swoich właścicieli przed groźnymi potworami Chojrak
71%
Imię wiewiórki ze Spongebob'a Sandy
69%
Imię samuraja z kreskówki emitowanej min. na Cartoon Network Jack
65%
Nazwa kreskówki o inteligentnej łasicy i głupim pawianie Jam Łasica
65%
Kto krzyczał "Nu, zajac, pagadi!" Wilk
61%
Młody chłopak który mieszka w wielorybie wraz z gburowatym kapitanem Flapjack
57%
Słodycze o których marzyli Ed, Edd i Eddy Łamiszczęki
47%
Postać z kreskówki "Zwyczajny Serial". Charakteryzuje się dużą głową i wąsikiem Papcio
31%
Flux na Akilianie? (Galactik Football) Oddech
15%
Władca pokoju czasu z "Pory na przygodę" Prismo
8%
Główny antagonista kreskówki "Za bramą ogrodu" Bestiusz
6%
Nie znaleziono quizów pasujących do podanych kryteriów
Rozkład punktacji
Procent ludzi z każdym wynikiem
Percentyl według liczby udzielonych odpowiedzi
Twoja historia wyników
Nie rozwiązałeś tego quizu od ostatniego zresetowania